Digitalizace ekonomiky a společnosti výhody, rizika, příležitosti
Guardado en:
| Autor principal: | |
|---|---|
| Formato: | Libro |
| Lenguaje: | checo |
| Publicado: |
Praha
Management Press
2018
|
| Edición: | 1. vydání |
| Materias: | |
| Etiquetas: |
Sin Etiquetas, Sea el primero en etiquetar este registro!
|
MARC
| LEADER | 00000nam a2200000 4500 | ||
|---|---|---|---|
| 001 | 0243935 | ||
| 005 | 20240221112642.7 | ||
| 020 | |a 978-80-7261-554-4 | ||
| 041 | 0 | |a cze | |
| 044 | |a CZ | ||
| 245 | 1 | 0 | |a Digitalizace ekonomiky a společnosti |b výhody, rizika, příležitosti |c Jaromír Veber a kol. |
| 250 | |a 1. vydání | ||
| 264 | 1 | |a Praha |b Management Press |c 2018 | |
| 300 | |a 198 s. | ||
| 610 | 2 | 0 | |a digitalizácia |
| 610 | 2 | 0 | |a ekonomika nová |
| 610 | 2 | 0 | |a spoločnosť |
| 610 | 2 | 0 | |a revolúcia technická |
| 610 | 2 | 0 | |a porovnanie medzinárodné |
| 610 | 2 | 0 | |a riziko |
| 610 | 2 | 0 | |a dôsledky sociálne |
| 610 | 2 | 0 | |a ekonomika zdieľaná |
| 610 | 2 | 0 | |a siete sociálne |
| 610 | 2 | 0 | |a sektory hospodárske |
| 610 | 2 | 0 | |a Česko |
| 100 | 1 | |a Veber, Jaromír | |